000 01515nam a22003857a 4500
001 00280
003 DO-SdBNP
005 20180312134650.0
007 00280
008 160427b dr 2004||||| |||| 00| 0 spa d
020 _a9789993498667 (v. 1)
020 _a9788482616544 (v. 1) Cuaderno
020 _a9788482616643 (v. 1) Álbum
040 _aBPMSU
_bspa
_cBPMSU
092 _a372.257
_bG934n 1ro. 2004
100 1 _aGuerrero, Ángela
245 1 _aNaturaleza 1 :
_beducación básica /
_cÁngela Guerrero ; dirección editorial Obdulia García de Escobar ; editora Claudia Llibre
260 _aSanto Domingo :
_bSantillana,
_c2004.
300 _a3 v. :
_bil. retrs.
_c28 cm.
490 _aÁmbar
500 _3La biblioteca no posee libro texto.
505 _tAsí es mi cuerpo --
_tMe alimento bien --
_tMi entorno --
_tPlantas del entorno --
_tAnimales del entorno --
_tLa energía en mi vida --
_tTecnología al día --
_tMi ambiente es seguro.
650 _aCIENCIAS NATURALES
_xENSEÑANZA BÁSICA
650 4 _aCIENCIAS NATURALES
_xESTUDIOS Y EJERCICIOS
650 4 _aCIENCIAS NATURALES
_xLIBROS DE TEXTOS
650 4 _aCIENCIAS NATURALES
_xEDUCACIÓN PRIMARIA
650 4 _aEDUCACIÓN PRIMARIA
_zREPÚBLICA DOMINICANA
700 1 _aGarcía de Escobar, Obdulia,
_eed.
700 1 2 _aLlibre, Claudia,
_eed.
830 0 _aÁmbar
910 _aValidado. Control de calidad MFF
942 _2ddc
_cBK
945 _aRemanejado para la BNPHU / 2018 VM
956 _aBTAVÁREZ
_b10
_c20160429
_d00280
999 _c9940
_d9940